Giáo trình công nghệ lên men
Trình bày về: Những vấn đề lý thuyết cơ bản trong quá trình lên men; Công nghệ lên men sản xuất rượu, bia, ngũ cốc và rau quả, thủy sản, thịt và sữa
Gardado en:
| Autor Principal: | |
|---|---|
| Outros autores: | |
| Formato: | Libro |
| Idioma: | Undetermined |
| Publicado: |
H.
Nông nghiệp
2019
|
| Những chủ đề: | |
| Acceso en liña: | http://lrc.tdmu.edu.vn/opac/search/detail.asp?aID=2&ID=41709 |
| Các nhãn: |
Engadir etiqueta
Sen Etiquetas, Sexa o primeiro en etiquetar este rexistro!
|
| Thư viện lưu trữ: | Trung tâm Học liệu Trường Đại học Thủ Dầu Một |
|---|
| LEADER | 00950nam a2200217Ia 4500 | ||
|---|---|---|---|
| 001 | TDMU_41709 | ||
| 008 | 210410s9999 xx 000 0 und d | ||
| 082 | |a 519.6 | ||
| 090 | |b TR121 | ||
| 100 | |a Trần, Thị Luyến | ||
| 245 | 0 | |a Giáo trình công nghệ lên men | |
| 245 | 0 | |c Trần Thị Luyến chủ biên...[và những người khác] | |
| 260 | |a H. | ||
| 260 | |b Nông nghiệp | ||
| 260 | |c 2019 | ||
| 300 | |a 240tr. | ||
| 520 | |a Trình bày về: Những vấn đề lý thuyết cơ bản trong quá trình lên men; Công nghệ lên men sản xuất rượu, bia, ngũ cốc và rau quả, thủy sản, thịt và sữa | ||
| 650 | |a Công nghệ lên men |v Giáo trình | ||
| 700 | |a Đặng, Xuân Cường | ||
| 856 | |u http://lrc.tdmu.edu.vn/opac/search/detail.asp?aID=2&ID=41709 | ||
| 980 | |a Trung tâm Học liệu Trường Đại học Thủ Dầu Một | ||